000 00604cam a2200205 4500500
005 20260405003828.0
041 _afre
042 _adc
100 1 0 _aLegros, Martin
_eauthor
245 0 0 _aLa vérité est une question politique
260 _c2024.
500 _a44
690 _aDémocratie
690 _aGloria Origgi
690 _aPolitique
690 _aPostvérité
690 _aVérité
786 0 _nPhilosophie magazine | 177 | 3 | 2024-03-01 | p. 49-51 | 1951-1787
856 4 1 _uhttps://shs.cairn.info/magazine-philosophie-magazine-2024-3-page-49?lang=fr&redirect-ssocas=7080
999 _c2071230
_d2071230